000 00877nam0a22002771 4500
001 rc\3958924
005 20250611035630.0
021 _aRU
_b[55-14427]
035 _a(NLR Aleph) 008048909
090 _a8928910
_c8928910
100 _a20130415d1955 |||y0rusy50 ca
101 0 _arus
102 _aRU
105 _aa z |||||
200 1 _aПодводная резка и сварка металла
210 _aМосква
_cМор. транспорт
_d1955
215 _a112 с.
_cил.
_d22
320 _aБиблиогр.: с. 104 (10 назв.)
606 _aРезка металлов подводная
_2psbo
606 _aСварка подводная
_2psbo
700 1 _aВасильев
_bК.В.
_gКирилл Васильевич
801 0 _aRU
_bNLR
_gpsbo
801 1 _aRU
_bELAR
_2rusmarc
852 _aNLR
_jТ36 Г-5/1239
942 _cBOOK
980 _aNB